000 01296nam0a22003251 4500
001 RU\INFOCOMM_322\NLR\5000106131
005 20250613104200.0
035 _a(NLR Aleph) 009488635
090 _a8634056
_c8634056
100 _a20121213d1987 |||y0rusy50 ca
101 0 _aeng
102 _aRU
105 _ay z |||||
200 1 _aNeutrino masses from the data on second neutrino burst observed supernova SN 1987 A
_fM. I. Krivoruchenko
210 _aM.
_cAtominform
_d1987
215 _a5 с.
_d20 см
225 1 _aPreprint
_fInst. of theoretical a. experimental physics
_v155
300 _aВ вып. дан.: Массы нейтрино из данных по второму импульсу нейтринного излучения, зарегистрированному от вспышки СН 1987 А / М. И. Криворученко
320 _aБиблиогр.: с. 5
606 0 _aЗвезды, сверхновые
_xВспышки
_2nlr_sh1
620 _aМосква
686 _aВ632.4
_2rubbk
686 _aВ662.324
_2rubbk
700 1 _9z02790
_aKrivoručenko
_bM. I.
_gMichail Ivanovič
790 1 _9z02700
_aKrivoruchenko
_bM. I.
_4070
801 1 _aRU
_bNLR
_c20121213
801 0 _aRU
_bINFOCOMM
_gPSBO
852 _aNLR
_jА01 Д-4/392
942 _cBOOK
980 _aNB